NATO Alphablitz Quiz Stats

Quiz Updated Sep 10, 2013

Also try: Alpha Blitz!
Challenge
Share
Tweet
Embed
Score 0/26 Timer 01:00
1 Play Today
% Correct
Alpha
98.3%
Charlie
97.4%
Bravo
97.2%
Delta
96%
Foxtrot
94.6%
Echo
94.4%
Kilo
80.4%
Mike
78.6%
November
74.9%
Lima
74.4%
Oscar
74%
Papa
70.9%
Hotel
70.6%
% Correct
Juliett
70.5%
Quebec
69.8%
Tango
68.5%
India
67.6%
Romeo
66.3%
Sierra
64.4%
Golf
63.7%
Victor
56.8%
Whiskey
50.2%
X-Ray
48.1%
Yankee
43.4%
Uniform
42.7%
Zulu
39.2%

You're not logged in!

Compare scores with friends on all Sporcle quizzes.
Join for Free
OR
Log In

You Might Also Like...

Show Comments

Extras

Top Quizzes Today


Score Distribution

Your Account Isn't Verified!

In order to create a playlist on Sporcle, you need to verify the email address you used during registration. Go to your Sporcle Settings to finish the process.

Report this User

Report this user for behavior that violates our Community Guidelines.

Details: